00925cam a2200229 45000010005000000100016000050200015000211000028000362450079000642600051001433000028001944400028002225000102002505000063003525040052004156500026004676500018004936500032005117000022005438560115005659990015006802841 a 00108015 a18780715481 aRenner, Michael,d1957-10aWorking for the environment :ba growing source of jobs /cMichael Renner. aWashington, DC :bWorldwatch Institute,c2000. a85 p. :bill. ;c22 cm. 0aWorldwatch paper ;v152 a""Shivani Chaudhry, research intern, Jennifer Silva, Research intern, Jane A. Peterson, editor."" aElectronic copy available on RTC Cloud in "Library" folder aIncludes bibliographical references (p. 72-85). 0aEnvironmental policy. 0aJob creation. 0aPollution control industry.1 aPeterson, Jane A. auhttp://www.worldwatch.org/system/files/EWP152.pdfyWorking for the environment: A growing source of jobsz3 c2276d2276